000
00338nam a2200145Ia 4500
008
221030s9999 xx 000 0 und d
041
_a
English
082
_a
105.23
_b
Ram
100
_a
Ram Ballabh
245
0
_a
Text Book of Co-ordinate Geometry
_c
by Ram Ballabh
260
_c
0
300
_a
391
650
_a
BE Mathematics
942
_c
BK
999
_c
361
_d
361